000 00645nam a2200241 i 4500
001 bg
100 1 _aSMAGA, Marcin
245 1 0 _aKarty płatnicze /
_cMarcin Smaga.
250 _aStan prawny na 1 stycznia 1998 r.
260 _aKraków :
_b"Zakamycze",
_c1998.
300 _a131, [1] s. ;
_c21 cm.
490 1 _aPromocje
504 _aBibliogr. s. 123-126. - Indeks.
650 9 _aKarty płatnicze
_xprawo
_zPolska
_ystan na 1998 r.
830 _aPromocje
020 _a8386393947
040 _cBPK
041 0 _apl
080 _a347.734(438)
920 _a83-86393-94-7
942 _cKS
008 s pl f |000 0 pol
999 _c33724
_d33724
856 _uhttp://koha.tu.koszalin.pl/cgi-bin/koha/opac-detail.pl?biblionumber=33724
_yKatalog online BPK